<?xml version="1.0" encoding="UTF-8"?>
<record
    xmlns:xsi="http://www.w3.org/2001/XMLSchema-instance"
    xsi:schemaLocation="http://www.loc.gov/MARC21/slim http://www.loc.gov/standards/marcxml/schema/MARC21slim.xsd"
    xmlns="http://www.loc.gov/MARC21/slim">

  <leader>02591 am a2200409 a 4500</leader>
  <controlfield tag="005">20240613132926.0</controlfield>
  <controlfield tag="008">100806s2003||||ag a   f |||| 001 0 spa d</controlfield>
  <datafield tag="020" ind1=" " ind2=" ">
    <subfield code="a">9872051658</subfield>
  </datafield>
  <datafield tag="041" ind1=" " ind2=" ">
    <subfield code="a">spa</subfield>
  </datafield>
  <datafield tag="092" ind1=" " ind2=" ">
    <subfield code="c">611.018</subfield>
    <subfield code="l">23</subfield>
    <subfield code="s">EYN</subfield>
  </datafield>
  <datafield tag="100" ind1="1" ind2=" ">
    <subfield code="a">Eynard, Aldo R.</subfield>
    <subfield code="9">134</subfield>
  </datafield>
  <datafield tag="245" ind1=" " ind2=" ">
    <subfield code="a">Histolog&#xED;a y embriolog&#xED;a del ser humano. Bases celulares y moleculares.</subfield>
    <subfield code="b">Texto y atlas / </subfield>
    <subfield code="c">Aldo R. Eynard</subfield>
  </datafield>
  <datafield tag="250" ind1=" " ind2=" ">
    <subfield code="a">3a ed. 1a reimp.</subfield>
  </datafield>
  <datafield tag="260" ind1=" " ind2=" ">
    <subfield code="a">C&#xF3;rdoba [Argentina]: </subfield>
    <subfield code="b">Sima Editora;</subfield>
    <subfield code="c">2003.</subfield>
  </datafield>
  <datafield tag="300" ind1=" " ind2=" ">
    <subfield code="a">764 p.</subfield>
    <subfield code="b">il.</subfield>
  </datafield>
  <datafield tag="500" ind1=" " ind2=" ">
    <subfield code="a">Eynard, A. R., Valentich, M. A. y Rovasio, R. A. (2003). Histolog&#xED;a y embriolog&#xED;a del ser humano. Bases celulares y moleculares. Texto y atlas. (3a ed.). C&#xF3;rdoba : Sima editora.</subfield>
  </datafield>
  <datafield tag="590" ind1=" " ind2=" ">
    <subfield code="a">Donaci&#xF3;n Petrobras</subfield>
  </datafield>
  <datafield tag="653" ind1=" " ind2=" ">
    <subfield code="a">M&#xE9;todos para el estudio de la c&#xE9;lula y los tejidos: t&#xE9;cnica histol&#xF3;gica y microscop&#xED;as</subfield>
  </datafield>
  <datafield tag="653" ind1=" " ind2=" ">
    <subfield code="a">N&#xFA;cleo celular como centro de control</subfield>
  </datafield>
  <datafield tag="653" ind1=" " ind2=" ">
    <subfield code="a">Linea de montaje y destino de las macromol&#xE9;culas para exportaci&#xF3;n y uso interno: ribosomas, ret&#xED;culo endopl&#xE1;smico y aparato de Golgi</subfield>
  </datafield>
  <datafield tag="653" ind1=" " ind2=" ">
    <subfield code="a">Fuentes y transformaci&#xF3;n de la energ&#xED;a: mitocondrias, peroxisomas y lisosomas. Ret&#xED;culo endoplasmico liso e inclusiones</subfield>
  </datafield>
  <datafield tag="653" ind1=" " ind2=" ">
    <subfield code="a">Relaciones de la c&#xE9;lula con su medio interno y con su medio exterior. Membrana celular, citoesqueleto y matriz extracelular</subfield>
  </datafield>
  <datafield tag="653" ind1=" " ind2=" ">
    <subfield code="a">Primeras etapas del desarrollo embrionario: interacci&#xF3;n entre gametas</subfield>
  </datafield>
  <datafield tag="653" ind1=" " ind2=" ">
    <subfield code="a">Origen, estructura y funci&#xF3;n de los epitelios, y de las gl&#xE1;ndulas exocrinas</subfield>
  </datafield>
  <datafield tag="653" ind1=" " ind2=" ">
    <subfield code="a">Defensa y reparaci&#xF3;n del cuerpo. Tejido conectivo y sus derivados. Bases celulares de la hemopoyesis y de la inmunidad</subfield>
  </datafield>
  <datafield tag="653" ind1=" " ind2=" ">
    <subfield code="a">Movimientos del cuerpo y de las v&#xED;sceras: tejidos musculares</subfield>
  </datafield>
  <datafield tag="653" ind1=" " ind2=" ">
    <subfield code="a">Comunicaciones entre c&#xE9;lulas, tejidos, &#xF3;rganos y medio interno: tejido nervioso y sistema endocrino</subfield>
  </datafield>
  <datafield tag="653" ind1=" " ind2=" ">
    <subfield code="a">Interrelaci&#xF3;n entre piel y anexos. Organos de los sentidos y principales organos del sistema nervioso. Aparato cardiocirculatorio como veh&#xED;culo del sistema endocrino</subfield>
  </datafield>
  <datafield tag="653" ind1=" " ind2=" ">
    <subfield code="a">Funciones metab&#xF3;licas de nutrici&#xF3;n, excresi&#xF3;n y respiraci&#xF3;n: tubo digestivo y gl&#xE1;ndulas anexas. Aparatos respiratorio y urinario</subfield>
  </datafield>
  <datafield tag="653" ind1=" " ind2=" ">
    <subfield code="a">Continuidad de la especie: aparatos reproductores masculino y femenino</subfield>
  </datafield>
  <datafield tag="653" ind1=" " ind2=" ">
    <subfield code="a">Interacciones materno-embrionario-neonatal. Placenta y glandula mamaria</subfield>
  </datafield>
  <datafield tag="653" ind1=" " ind2=" ">
    <subfield code="a">Desarrollo embrionario patol&#xF3;gico: bases gen&#xE9;ticas y ambientales de las malformaciones cong&#xE9;nitas</subfield>
  </datafield>
  <datafield tag="700" ind1="1" ind2=" ">
    <subfield code="a">Valentich, Mirta A.</subfield>
    <subfield code="9">135</subfield>
  </datafield>
  <datafield tag="700" ind1="1" ind2=" ">
    <subfield code="a">Rovasio, Roberto A.</subfield>
    <subfield code="9">136</subfield>
  </datafield>
  <datafield tag="930" ind1=" " ind2=" ">
    <subfield code="a">1114</subfield>
  </datafield>
  <datafield tag="942" ind1=" " ind2=" ">
    <subfield code="2">ddc</subfield>
    <subfield code="c">BK</subfield>
  </datafield>
  <datafield tag="999" ind1=" " ind2=" ">
    <subfield code="c">565</subfield>
    <subfield code="d">565</subfield>
  </datafield>
  <datafield tag="952" ind1=" " ind2=" ">
    <subfield code="0">0</subfield>
    <subfield code="1">0</subfield>
    <subfield code="2">ddc</subfield>
    <subfield code="4">0</subfield>
    <subfield code="7">0</subfield>
    <subfield code="a">BFM</subfield>
    <subfield code="b">BFM</subfield>
    <subfield code="c">CR</subfield>
    <subfield code="d">2011-05-13</subfield>
    <subfield code="l">16</subfield>
    <subfield code="o">611.018 23 EYN</subfield>
    <subfield code="p">1114</subfield>
    <subfield code="r">2019-08-07</subfield>
    <subfield code="s">2019-07-05</subfield>
    <subfield code="t">ej.1</subfield>
    <subfield code="w">2011-05-13</subfield>
    <subfield code="y">BK</subfield>
  </datafield>
</record>
